header

Celtic connections (Record no. 61749)

MARC details
000 -LEADER
fixed length control field 01996nam a2200469 a 4500
082 04 - DEWEY DECIMAL CLASSIFICATION NUMBER
Classification number 891.6
245 00 - TITLE STATEMENT
Title Celtic connections
260 ## - PUBLICATION, DISTRIBUTION, ETC. (IMPRINT)
Place of publication Oxford ;
-- New York :
Name of publisher Peter Lang,
Year of publication c2013.
300 ## - PHYSICAL DESCRIPTION
Number of Pages viii, 237 p. :
Other physical details ill.
490 1# - SERIES STATEMENT
Series statement Reimagining Ireland,
650 #0 - SUBJECT ADDED ENTRY--TOPICAL TERM
Topical Term Celtic literature
Topical Term English literature
Topical Term English literature
Topical Term Politics and literature
Topical Term Politics and literature
Topical Term Comparative literature
Topical Term Comparative literature
Topical Term Civilization, Celtic.
Topical Term Nationalism and literature
700 1# - ADDED ENTRY--PERSONAL NAME
Personal name Maley, Willy.
Personal name O'Malley-Younger, Alison.
856 40 - ELECTRONIC LOCATION AND ACCESS
Uniform Resource Identifier http://site.ebrary.com/lib/rucke/Doc?id=10670640

No items available.

© 2026 Rongo University
Contact us: librarian | system librarian | Rongo university